书目信息 |
| 题名: |
电路测试技术与仪器
|
|
| 作者: | 朱锡仁 编著 | |
| 分册: | ||
| 出版信息: | 北京 清华大学出版社 1989.8 |
|
| 页数: | 282页 | |
| 开本: | 26cm | |
| 丛书名: | ||
| 单 册: | ||
| 中图分类: | TM930.1 | |
| 科图分类: | ||
| 主题词: | 电气测量 , 电工仪表 | |
| 电子资源: | ||
| ISBN: | 7-302-00435-8 | |
| 000 | 00698nam0 2200241 45 | |
| 001 | 0189022025 | |
| 005 | 20060518083519.09 | |
| 010 | @a7-302-00435-8@dCNY3.65 | |
| 020 | @aCN@b89022025 | |
| 100 | @a19910905d1989 m y0chiy0120 ea | |
| 101 | 0 | @achi |
| 102 | @aCN@b110000 | |
| 105 | @ay z 000yy | |
| 200 | 10 | @a电路测试技术与仪器@Adian lu ce shi ji shu yu yi qi@f朱锡仁编著@Fzhu xiren bian zhu |
| 210 | @a北京@c清华大学出版社@d1989.8 | |
| 215 | @a282页@d26cm | |
| 540 | 1 | @a电路 测试 技术 仪器@Adian lu ce shi ji shu yi qi |
| 606 | 0 | @a电气测量 |
| 606 | 0 | @a电工仪表 |
| 690 | @aTM930.1@v3 | |
| 701 | 0 | @a朱锡仁@Azhu xi ren@4编著 |
| 801 | 0 | @aCN@bNLC@c20060518 |
| 905 | @dTM930.1@e61 | |
| 电路测试技术与仪器/朱锡仁编著.-北京:清华大学出版社,1989.8 |
| 282页;26cm |
| ISBN 7-302-00435-8:CNY3.65 |
| ● |
| 相关链接 |
|
|
|
|
正题名:电路测试技术与仪器
索取号:TM930.1/61
 
预约/预借
| 序号 | 登录号 | 条形码 | 馆藏地/架位号 | 状态 | 备注 |
| 1 | 0238404 | 001346779 | 密集书库/ [索取号:TM930.1/61] | 在馆 | |
| 2 | 0238405 | 001346699 | 密集书库/ [索取号:TM930.1/61] | 在馆 | |
| 3 | 0238406 | 202354558 | 密集书库/ [索取号:TM930.1/61] | 在馆 | |
| 4 | 0238407 | 001958224 | 第三借阅区/ [索取号:TM930.1/61] | 在馆 | |
| 5 | 0238408 | 001346859 | 密集书库/ [索取号:TM930.1/61] | 在馆 | |
| 6 | 0238409 | 202354656 | 密集书库/ [索取号:TM930.1/61] | 在馆 | |
| 7 | 0238410 | 001346813 | 密集书库/ [索取号:TM930.1/61] | 在馆 | |
| 8 | 0238411 | 001346617 | 密集书库/ [索取号:TM930.1/61] | 在馆 | |
| 9 | 0238412 | 202354665 | 密集书库/ [索取号:TM930.1/61] | 在馆 | |
| 10 | 0238413 | 001346733 | 第二样本阅览室/ [索取号:TM930.1/61] | 在馆 |